[Event "Belgrade-chT2 Quality"]
[Site "Belgrade"]
[Date "2022.10.30"]
[Round "7.3"]
[White "Hrzic, Ivan"]
[Black "Radic, Rajko"]
[Result "1-0"]
[WhiteElo "2267"]
[BlackElo "1966"]
[PlyCount "101"]
[EventDate "2022.10.15"]
[EventType "team-tourn"]
[EventRounds "13"]
[EventCountry "SRB"]
[SourceTitle "EXT 2024"]
[Source "ChessBase"]
[SourceDate "2023.10.10"]
[SourceVersion "1"]
[SourceVersionDate "2023.10.10"]
[SourceQuality "1"]
[WhiteTeam "Belgrade Polet"]
[BlackTeam "Belgrade Bogoslov"]
[WhiteTeamCountry "SRB"]
[BlackTeamCountry "SRB"]

1. e4 e5 2. Nf3 Nc6 3. Bc4 Nf6 4. d3 Be7 5. 0-0 0-0 6. c3 d6 7. a4 Na5 8. Ba2 c5 9. Nbd2 Nc6 10. Re1 a6 11. Nf1 Rb8 12. h3 b5 13. axb5 axb5 14. Ne3 Qc7 15. Nh4 Be6 16. Bxe6 fxe6 17. Nf3 h6 18. d4 exd4 19. cxd4 cxd4 20. Nxd4 Nxd4 21. Qxd4 Qc5 22. Qd3 Qb4 23. Nc2 Qc4 24. Qxc4 bxc4 25. Nd4 Kf7 26. e5 dxe5 27. Nc6 Rbc8 28. Nxe5+ Kg8 29. Ng6 Rfe8 30. Rxe6 Bb4 31. Rxe8+ Rxe8 32. Be3 c3 33. bxc3 Bxc3 34. Rd1 Kf7 35. Nf4 Re5 36. Rb1 Re7 37. Rb5 Be5 38. Nd3 Bd6 39. g4 Rd7 40. Kg2 Ke7 41. Ne1 Rc7 42. Nf3 Rd7 43. Nd4 Kf7 44. Nf5 Bf8 45. Bf4 Rd5 46. Rb8 Rd7 47. Be5 g6 48. Bxf6 gxf5 49. Bc3 Rc7 50. Be5 fxg4 51. Bxc7 1-0

[Event "Belgrade-chT2 Quality"]
[Site "Belgrade"]
[Date "2022.10.22"]
[Round "3.3"]
[White "Popadic, Dragan B"]
[Black "Radic, Rajko"]
[Result "1-0"]
[WhiteElo "2076"]
[BlackElo "1966"]
[PlyCount "87"]
[EventDate "2022.10.15"]
[EventType "team-tourn"]
[EventRounds "13"]
[EventCountry "SRB"]
[SourceTitle "EXT 2024"]
[Source "ChessBase"]
[SourceDate "2023.10.10"]
[SourceVersion "1"]
[SourceVersionDate "2023.10.10"]
[SourceQuality "1"]
[WhiteTeam "Novi Belgrade Technicka"]
[BlackTeam "Belgrade Bogoslov"]
[WhiteTeamCountry "SRB"]
[BlackTeamCountry "SRB"]

1. e4 e5 2. Nf3 Nc6 3. Bc4 Nf6 4. Ng5 d5 5. exd5 Na5 6. Bb5+ c6 7. dxc6 bxc6 8. Bd3 Nd5 9. Nf3 Bd6 10. 0-0 0-0 11. Re1 Re8 12. Nc3 f5 13. Nxd5 cxd5 14. Bb5 Re7 15. b4 Qb6 16. a4 Nc6 17. Bxc6 Qxc6 18. b5 Qc7 19. Ba3 Bxa3 20. Rxa3 e4 21. Nd4 Qc5 22. Qa1 Bd7 23. Rc3 Qd6 24. Qa3 Qf6 25. Qc5 Qf7 26. Qd6 Be8 27. Nxf5 Rd7 28. Qe5 Rad8 29. Rg3 Qf8 30. d3 Bg6 31. Nh4 Bf7 32. Qd4 Rc7 33. Nf5 Bg6 34. Ne3 Qc5 35. Qxc5 Rxc5 36. d4 Rc3 37. Ra1 Bf7 38. Kf1 Kf8 39. Ke1 a6 40. Kd2 Rdc8 41. Ra2 axb5 42. axb5 R3c7 43. Rg5 Rb7 44. Ra5 1-0

[Event "Belgrade-chT Quality"]
[Site "Belgrade"]
[Date "2019.10.30"]
[Round "10.4"]
[White "Radic, Rajko"]
[Black "Dimitrijevic, Paul"]
[Result "1-0"]
[WhiteElo "2064"]
[BlackElo "2030"]
[PlyCount "63"]
[EventDate "2019.10.05"]
[EventType "team-tourn"]
[EventRounds "11"]
[EventCountry "SRB"]
[SourceTitle "EXT 2022"]
[Source "ChessBase"]
[SourceDate "2021.10.06"]
[SourceVersion "1"]
[SourceVersionDate "2021.10.06"]
[SourceQuality "1"]
[WhiteTeam "Bogoslov"]
[BlackTeam "NBSK"]
[WhiteTeamCountry "SRB"]
[BlackTeamCountry "SRB"]

1. Nf3 d5 2. d4 Nf6 3. c4 c6 4. Nc3 a6 5. cxd5 cxd5 6. Bg5 Nbd7 7. e3 h6 8. Bh4 e6 9. Bd3 Be7 10. 0-0 b5 11. Rc1 Nb6 12. Bg3 Nc4 13. Qe2 Bb7 14. b3 Nd6 15. h3 0-0 16. Be5 Qb6 17. Bb1 Rac8 18. Qd3 Nfe4 19. Nd2 f5 20. Ne2 Nxd2 21. Qxd2 Ne4 22. Bxe4 dxe4 23. Nf4 Ba3 24. Rxc8 Rxc8 25. Qe2 Qc6 26. h4 Kh7 27. g3 g6 28. Rd1 Qd7 29. Qd2 Be7 30. Kg2 Bd5 31. Rc1 Bb4 32. Rxc8 1-0

[Event "Belgrade-chT Quality"]
[Site "Belgrade"]
[Date "2019.10.12"]
[Round "3.6"]
[White "Karleusa, Mirko"]
[Black "Radic, Rajko"]
[Result "1/2-1/2"]
[WhiteElo "2008"]
[BlackElo "2064"]
[PlyCount "60"]
[EventDate "2019.10.05"]
[EventType "team-tourn"]
[EventRounds "11"]
[EventCountry "SRB"]
[SourceTitle "EXT 2022"]
[Source "ChessBase"]
[SourceDate "2021.10.06"]
[SourceVersion "1"]
[SourceVersionDate "2021.10.06"]
[SourceQuality "1"]
[WhiteTeam "Borca"]
[BlackTeam "Bogoslov"]
[WhiteTeamCountry "SRB"]
[BlackTeamCountry "SRB"]

1. e4 e5 2. Nc3 Nf6 3. Nf3 Nc6 4. d4 exd4 5. Nxd4 Bb4 6. f3 Nxe4 7. fxe4 Qh4+ 8. g3 Qxe4+ 9. Qe2 Qxe2+ 10. Ndxe2 0-0 11. Bd2 Ne5 12. Bg2 c6 13. Ne4 Be7 14. h3 d5 15. Nf2 Nc4 16. 0-0-0 Re8 17. Nf4 Bf5 18. g4 Nxd2 19. gxf5 Nc4 20. b3 Ne3 21. Rdg1 Nxf5 22. Bf3 Bc5 23. N4d3 Be3+ 24. Kb1 Nd6 25. Re1 Nb5 26. Nd1 d4 27. Re2 f5 28. a4 Nd6 29. Rhe1 Ne4 30. Bxe4 fxe4 1/2-1/2

[Event "Belgrade-chT Quality"]
[Site "Belgrade"]
[Date "2018.09.19"]
[Round "3.2"]
[White "Radic, Rajko"]
[Black "Klasan, Vladimir"]
[Result "0-1"]
[WhiteElo "2073"]
[BlackElo "2368"]
[PlyCount "70"]
[EventDate "2018.09.17"]
[EventType "team-tourn"]
[EventRounds "11"]
[EventCountry "SRB"]
[SourceTitle "CBM 186 Extra"]
[Source "ChessBase"]
[SourceDate "2018.08.24"]
[SourceVersion "1"]
[SourceVersionDate "2018.08.24"]
[SourceQuality "1"]
[WhiteTeam "Bogoslov"]
[BlackTeam "Rudovci Radnicki"]
[WhiteTeamCountry "SRB"]
[BlackTeamCountry "SRB"]

1. d4 Nf6 2. c4 c5 3. Nf3 g6 4. Nc3 cxd4 5. Nxd4 Nc6 6. e4 d6 7. Be2 Bg7 8. Be3 0-0 9. 0-0 Bd7 10. Rc1 Rc8 11. Nxc6 Bxc6 12. f3 Qa5 13. Qd2 Rfd8 14. Nb5 Qxd2 15. Bxd2 Bxb5 16. cxb5 Nd7 17. Be3 Bxb2 18. Rb1 Ba3 19. Rb3 Bc5 20. Bxc5 Rxc5 21. Ra3 Ra8 22. Rd1 Rc2 23. Kf1 Nc5 24. Ke1 f5 25. e5 dxe5 26. Rd5 e6 27. Rxe5 Rd8 28. Rxa7 Rc1+ 29. Kf2 Rd2 30. Rxc5 Rxc5 31. Ke3 Rd7 32. f4 Rc3+ 33. Kf2 Rd2 34. Ke1 Rb2 35. Rxb7 Re3 0-1

[Event "Belgrade-ch sf"]
[Site "Belgrade"]
[Date "2017.01.28"]
[Round "6"]
[White "Radic, Rajko"]
[Black "Radlovacki, Jovan"]
[Result "0-1"]
[WhiteElo "2071"]
[BlackElo "2374"]
[PlyCount "112"]
[EventDate "2017.01.23"]
[EventType "swiss"]
[EventRounds "7"]
[EventCountry "SRB"]
[SourceTitle "CBM 176 Extra"]
[Source "ChessBase"]
[SourceDate "2017.03.02"]
[SourceVersion "1"]
[SourceVersionDate "2017.03.02"]
[SourceQuality "1"]

1. e4 c6 2. d4 d5 3. exd5 cxd5 4. Bd3 Nc6 5. c3 Nf6 6. h3 g6 7. Nf3 Bg7 8. 0-0 Bf5 9. Bf4 0-0 10. Re1 Qb6 11. Bxf5 gxf5 12. Bc1 Ne4 13. Nbd2 Rac8 14. Nxe4 fxe4 15. Nh4 e6 16. Qh5 Ne7 17. f3 f5 18. Bg5 Rce8 19. Rab1 Qd6 20. f4 Nc8 21. Re3 Qd7 22. Bh6 Bxh6 23. Qxh6 Qg7 24. Qh5 Kh8 25. Kh2 Rg8 26. Rg1 Qf6 27. Rf1 Ne7 28. g4 Ng6 29. g5 Qd8 30. Nxg6+ Rxg6 31. Qd1 Qb6 32. Qb3 Qc7 33. h4 h6 34. Kg2 Reg8 35. Rg3 b5 36. Qxb5 Rb8 37. Qe2 Qc4 38. Rf2 Qxa2 39. gxh6 Rxg3+ 40. Kxg3 Qb1 41. h7 Rb7 42. Kh3 Qh1+ 43. Rh2 Rxb2 44. Rxh1 Rxe2 45. Ra1 Re3+ 46. Kg2 Rxc3 47. Rxa7 Rc4 48. Re7 Rxd4 49. Rxe6 Rd2+ 50. Kf1 d4 51. Ke1 Rh2 52. Rd6 d3 53. Rd7 Rxh4 54. Kd2 Rxf4 55. Kc3 Rf1 56. Kd4 d2 0-1

[Event "Belgrade-ch sf"]
[Site "Belgrade"]
[Date "2017.01.27"]
[Round "5"]
[White "Kuzmanovic, Ratko"]
[Black "Radic, Rajko"]
[Result "0-1"]
[WhiteElo "1854"]
[BlackElo "2071"]
[PlyCount "53"]
[EventDate "2017.01.23"]
[EventType "swiss"]
[EventRounds "7"]
[EventCountry "SRB"]
[SourceTitle "CBM 176 Extra"]
[Source "ChessBase"]
[SourceDate "2017.03.02"]
[SourceVersion "1"]
[SourceVersionDate "2017.03.02"]
[SourceQuality "1"]

1. e4 e5 2. Nf3 Nc6 3. Bb5 a6 4. Ba4 Nf6 5. d3 d6 6. c3 Be7 7. 0-0 0-0 8. Nbd2 b5 9. Bb3 Na5 10. Bc2 c5 11. Re1 Nc6 12. Nf1 Re8 13. Ng3 h6 14. h3 a5 15. Nh2 b4 16. Nhf1 Bf8 17. Ne3 g6 18. Rf1 Bg7 19. Bd2 Bd7 20. a3 Rb8 21. axb4 axb4 22. Ra6 Qc7 23. f4 Qb7 24. Ra1 Ra8 25. Rxa8 Rxa8 26. f5 Kh7 27. Rf3 0-1

[Event "Serbian Republic op-ch"]
[Site "Prijedor"]
[Date "2013.12.15"]
[Round "7"]
[White "Radic, Rajko"]
[Black "Galic, Radenko"]
[Result "1-0"]
[WhiteElo "2074"]
[BlackElo "2089"]
[PlyCount "57"]
[EventDate "2013.12.12"]
[EventType "swiss"]
[EventRounds "7"]
[EventCountry "BIH"]
[SourceTitle "CBM 158 Extra"]
[Source "ChessBase"]
[SourceDate "2014.02.28"]
[SourceVersion "1"]
[SourceVersionDate "2014.02.28"]
[SourceQuality "1"]

1. Nf3 Nc6 2. d4 d5 3. c4 Bg4 4. e3 e6 5. Nc3 Nf6 6. Be2 Be7 7. 0-0 0-0 8. b3 Na5 9. Bd2 c6 10. Qe1 b6 11. Rc1 Nb7 12. cxd5 exd5 13. Na4 Qd7 14. Bb4 Rac8 15. Bxe7 Qxe7 16. Kh1 Bxf3 17. gxf3 Rfe8 18. Rg1 g6 19. Rc2 c5 20. Qc1 c4 21. bxc4 dxc4 22. Rxc4 Rxc4 23. Qxc4 Nd6 24. Qb3 Nf5 25. Qd3 Qd7 26. Nc3 Nh5 27. Ne4 Kg7 28. Rg4 Rc8 29. Rg1 1-0

[Event "Belgrade-chT Quality"]
[Site "Belgrade"]
[Date "2012.11.01"]
[Round "10"]
[White "Jandric, Damjan"]
[Black "Radic, Rajko"]
[Result "1-0"]
[WhiteElo "2066"]
[BlackElo "2073"]
[PlyCount "52"]
[EventDate "2012.10.13"]
[EventType "team-tourn"]
[EventRounds "11"]
[EventCountry "SRB"]
[SourceTitle "EXT 2019"]
[Source "ChessBase"]
[SourceDate "2018.10.10"]
[SourceVersion "1"]
[SourceVersionDate "2018.10.10"]
[SourceQuality "1"]

1. e4 e5 2. Bc4 Nf6 3. d3 Be7 4. Nf3 d6 5. 0-0 Nc6 6. c3 0-0 7. Bb3 Na5 8. Bc2 c5 9. d4 Nc6 10. dxc5 dxc5 11. Qe2 Bg4 12. Nbd2 Qc7 13. h3 Bh5 14. Re1 Rfd8 15. Nf1 Rd7 16. Ng3 Bg6 17. Nh4 Rad8 18. Nhf5 h6 19. Qf3 Nh7 20. h4 Bf6 21. Qg4 Kh8 22. Ne3 Nf8 23. Nd5 Qd6 24. Be3 Be7 25. h5 Bh7 26. Rab1 c4 1-0

[Event "Belgrade-chT Quality"]
[Site "Belgrade"]
[Date "2012.10.31"]
[Round "9.1"]
[White "Radic, Rajko"]
[Black "Miladinovic, Lena"]
[Result "0-1"]
[WhiteElo "2073"]
[BlackElo "2112"]
[PlyCount "66"]
[EventDate "2012.10.13"]
[EventType "team-tourn"]
[EventRounds "11"]
[EventCountry "SRB"]
[SourceTitle "EXT 2019"]
[Source "ChessBase"]
[SourceDate "2018.10.10"]
[SourceVersion "1"]
[SourceVersionDate "2018.10.10"]
[SourceQuality "1"]

1. d4 Nf6 2. Nf3 e6 3. c4 Bb4+ 4. Nc3 c5 5. g3 cxd4 6. Nxd4 Qc7 7. Qb3 Bc5 8. e3 Nc6 9. Nf3 0-0 10. Qc2 b6 11. Bg2 Ba6 12. b3 d5 13. Nb5 Qd7 14. 0-0 dxc4 15. bxc4 Rac8 16. Bb2 Qe7 17. Qa4 Bb7 18. Nfd4 a5 19. Nb3 Nd7 20. Na7 Nxa7 21. Bxb7 Rc7 22. Bg2 Rfc8 23. Rac1 Bb4 24. a3 b5 25. cxb5 Nb6 26. Rxc7 Rxc7 27. Be5 Rc8 28. axb4 Nxa4 29. bxa5 Nxb5 30. a6 f6 31. Bd4 e5 32. Ba1 Nc5 33. Nxc5 Qxc5 0-1

[Event "Belgrade-chT Quality"]
[Site "Belgrade"]
[Date "2011.10.15"]
[Round "1"]
[White "Radic, Rajko"]
[Black "Kreckovic, Milos"]
[Result "1/2-1/2"]
[WhiteElo "2031"]
[BlackElo "2204"]
[PlyCount "42"]
[EventDate "2011.10.15"]
[EventType "team-swiss"]
[EventRounds "11"]
[EventCountry "SRB"]
[SourceTitle "EXT 2012"]
[Source "ChessBase"]
[SourceDate "2011.11.24"]
[SourceVersion "1"]
[SourceVersionDate "2011.11.24"]
[SourceQuality "1"]

1. Nf3 d5 2. d4 Nf6 3. c4 e6 4. Bf4 Be7 5. Nc3 0-0 6. e3 Nbd7 7. Bd3 c6 8. 0-0 b6 9. cxd5 Nxd5 10. Nxd5 cxd5 11. Qc2 Nf6 12. Rfc1 Bd7 13. Qc7 Qxc7 14. Rxc7 Rfc8 15. Ba6 Rxc7 16. Bxc7 Bc8 17. Bd3 Bb7 18. Rc1 Rc8 19. Rc2 Ne8 20. Be5 Rxc2 21. Bxc2 Nd6 1/2-1/2

[Event "Srpska Republic-chT 1st League"]
[Site "Banja Vrucica"]
[Date "2011.08.11"]
[Round "6"]
[White "Radic, Rajko"]
[Black "Narancic, Vlado"]
[Result "0-1"]
[WhiteElo "2024"]
[BlackElo "2332"]
[PlyCount "93"]
[EventDate "2011.08.06"]
[EventType "team-tourn"]
[EventRounds "9"]
[EventCountry "BIH"]
[SourceTitle "EXT 2019"]
[Source "ChessBase"]
[SourceDate "2018.10.10"]
[SourceVersion "1"]
[SourceVersionDate "2018.10.10"]
[SourceQuality "1"]

1. Nf3 Nf6 2. c4 g6 3. Nc3 Bg7 4. g3 0-0 5. Bg2 d6 6. 0-0 c6 7. Rb1 a5 8. a3 e5 9. d3 Re8 10. b4 axb4 11. axb4 Bf5 12. e4 Bg4 13. h3 Bxf3 14. Bxf3 Na6 15. Be3 Nc7 16. Bb6 Nd7 17. Bxc7 Qxc7 18. Qb3 Nf8 19. Ne2 h5 20. b5 Reb8 21. Ra1 Ne6 22. Rxa8 Rxa8 23. bxc6 bxc6 24. Rb1 Nc5 25. Qb6 Qxb6 26. Rxb6 Nxd3 27. Rb1 Bf8 28. Nc1 Nc5 29. Nb3 Ne6 30. Be2 Be7 31. h4 Kf8 32. Kf1 f6 33. Rd1 Rb8 34. Rd3 Kf7 35. Rf3 Rb4 36. Ke1 Bd8 37. Kf1 Ra4 38. Rc3 Ra2 39. Rf3 Rb2 40. Rc3 Rb1+ 41. Kg2 Re1 42. Bd3 Ke7 43. Rc1 Rxc1 44. Nxc1 Nd4 45. Ne2 Kd7 46. f4 Kc7 47. g4 0-1

[Event "Banja Luka op"]
[Site "Banja Luka"]
[Date "2004.12.08"]
[Round "5"]
[White "Jakovljevic, Vlado"]
[Black "Radic, Rajko"]
[Result "1-0"]
[WhiteElo "2410"]
[BlackElo "2087"]
[PlyCount "131"]
[EventDate "2004.12.04"]
[EventType "swiss"]
[EventRounds "9"]
[EventCountry "BIH"]
[SourceTitle "CBM 103 Extra"]
[Source "ChessBase"]
[SourceDate "2005.01.01"]
[SourceVersion "1"]
[SourceVersionDate "2005.01.01"]
[SourceQuality "1"]

1. Nf3 d5 2. d4 Nf6 3. c4 e6 4. Nc3 Be7 5. Bg5 0-0 6. e3 h6 7. Bh4 b6 8. Be2 Bb7 9. Bxf6 Bxf6 10. cxd5 exd5 11. b4 c5 12. bxc5 bxc5 13. Rb1 Qa5 14. Qd2 cxd4 15. exd4 Ba6 16. Nb5 Nc6 17. Qxa5 Nxa5 18. Nc7 Bxe2 19. Kxe2 Rad8 20. Rhc1 Rd6 21. Kd3 Bd8 22. Nb5 Rg6 23. Rg1 Nc4 24. Nc3 Ra6 25. Nxd5 Nb6 26. Nb4 Ra4 27. Rb3 Bf6 28. Rc1 a5 29. Na6 Nd5 30. g3 Rxa2 31. Rc2 Rxc2 32. Kxc2 Rc8+ 33. Kd3 a4 34. Ra3 Ra8 35. Nc5 Nb6 36. Ne1 Be7 37. Nc2 Ra5 38. Rc3 Rb5 39. Na3 Rb2 40. Rc2 Rb4 41. Nc4 Nd5 42. Ra2 Kh7 43. Ne3 Nb6 44. Kc3 Rb5 45. Nxa4 Ra5 46. Kb3 Rb5+ 47. Kc2 Ra5 48. Nc3 Bb4 49. Rxa5 Bxa5 50. Kd3 Kg6 51. Ncd5 Nd7 52. Nc4 Bd8 53. Nd6 f6 54. Nb7 Bb6 55. Nxb6 Nxb6 56. Ke4 Kf7 57. d5 g5 58. Kd4 Nd7 59. f4 Ke7 60. Nc5 Nf8 61. Ne4 Nd7 62. h3 h5 63. Nd2 Kd6 64. g4 hxg4 65. hxg4 Ke7 66. Ne4 1-0